[Event "XVI Seahorse Open A"]
[Site "Rewal POL"]
[Date "2011.08.20"]
[Round "2.39"]
[White "Jarus,G"]
[Black "Brzezinski,M"]
[Result "0-1"]
[WhiteElo "1858"]
[BlackElo "2042"]

1.d4 d5 2.Nf3 Nf6 3.c4 e6 4.Nc3 c6 5.e3 Nbd7 6.a4 Bd6 7.Bd3 Qe7 8.O-O O-O
9.e4 dxc4 10.Bxc4 e5 11.d5 Nb6 12.Bb3 cxd5 13.a5 dxe4 14.Nd2 Bg4 15.Qe1 Nbd7
16.Ndxe4 Bb4 17.Bg5 Be6 18.Ba4 Rfd8 19.f4 Bxc3 20.bxc3 Nc5 21.fxe5 Ncxe4
22.exf6 Qc5+ 23.Be3 Qxc3 24.fxg7 Rd3 25.Bh6 Qd4+ 26.Kh1 Rc8 27.Bb5 Rb3 28.Ra4 Bc4
29.Bd7 Qxd7  0-1

[Event "PK NBSB Open A"]
[Site "Roosendaal NED"]
[Date "2011.08.20"]
[Round "3"]
[White "Van der Meijden,M"]
[Black "Peeters,Bar"]
[Result "0-1"]
[WhiteElo "2146"]
[BlackElo "1908"]

1.d4 d5 2.c4 c6 3.Nf3 Nf6 4.e3 e6 5.Nc3 Nbd7 6.Qc2 Bd6 7.g4 h6 8.Rg1 dxc4
9.Bd2 a6 10.h4 b5 11.g5 hxg5 12.Rxg5 c5 13.Ne4 Be7 14.Rxg7 Bf8 15.Rxf7 Kxf7
16.Neg5+ Ke7 17.Bh3 Bb7 18.Ne5 Nxe5 19.dxe5 Ne4 20.Nxe4 Qd5 21.Ng3 Qd3 22.Qxd3 cxd3
23.h5 Bf3 24.Rc1 Rc8 25.e4 Bh6 26.Bf1 Bxd2+ 27.Kxd2 c4 28.Ke3 Bxh5 29.Nxh5 Rxh5
30.Bxd3 Rxe5 31.b3 Rec5 32.b4 Rh5 33.Be2 Rh3+ 34.f3 Rh2 35.Rc3 Rg8 36.a4 Rgg2
37.Bd1 Rd2 38.axb5 axb5  0-1

[Event "PK NBSB Open A"]
[Site "Roosendaal NED"]
[Date "2011.08.20"]
[Round "3"]
[White "Van Delft,M"]
[Black "Tolhuizen,L"]
[Result "1/2-1/2"]
[WhiteElo "2401"]
[BlackElo "2180"]

1.d4 d5 2.c4 c6 3.Nc3 Nf6 4.e3 e6 5.Nf3 a6 6.b3 Bb4 7.Bd2 O-O 8.Bd3 Nbd7
9.O-O Qe7 10.Ne5 Nxe5 11.dxe5 Nd7 12.f4 f6 13.Qc2 f5 14.Ne2 Bxd2 15.Qxd2 dxc4
16.Bxc4 b5 17.Bd3 Bb7 18.Rfd1 Rfd8 19.Qa5 c5 20.a4 Bd5 21.Bc2 b4 22.Ng3 Nf8
23.e4 fxe4 24.Nxe4 Qb7 25.Nd6 Qc6 26.Rd2 Nd7  1/2-1/2

[Event "PK NBSB Open A"]
[Site "Roosendaal NED"]
[Date "2011.08.20"]
[Round "4"]
[White "Stork,O"]
[Black "Blom,M"]
[Result "0-1"]
[WhiteElo "2117"]
[BlackElo "2020"]

1.d4 Nf6 2.c4 e6 3.Nf3 d5 4.Nc3 c6 5.e3 Nbd7 6.Qc2 Be7 7.g4 dxc4 8.Bxc4 b5
9.Be2 Bb7 10.g5 Nd5 11.Ne4 Qb6 12.a4 a5 13.Bd2 Rc8 14.Qb3 b4 15.Ng3 c5 16.Bb5 Bc6
17.Bxc6 Qxc6 18.e4 N5b6 19.O-O c4 20.Qc2 Qd6 21.Qc1 Qc6 22.Re1 O-O 23.d5 exd5
24.Nd4 Qb7 25.e5 Nc5 26.Qd1 Nd3 27.Qh5 c3 28.Re3 Nf4 29.Qd1 cxd2 30.Qxd2 Nc4  0-1

[Event "Botvinnik 100th Open"]
[Site "St Petersburg RUS"]
[Date "2011.08.20"]
[Round "9"]
[White "Kazantsev,Alexandr"]
[Black "Tantsov,P"]
[Result "1-0"]
[WhiteElo "1958"]
[BlackElo "1777"]

1.Nf3 Nf6 2.d4 d5 3.c4 e6 4.Nc3 c6 5.e3 Nbd7 6.Qc2 a6 7.Bd3 dxc4 8.Bxc4 b5
9.Be2 Bb7 10.O-O Be7 11.Rd1 Qc7 12.a3 c5 13.Bd2 cxd4 14.Nxd4 O-O 15.Rac1 Rac8
16.Qb1 Qb8 17.h3 Nc5 18.b4 Nce4 19.Nxe4 Bxe4 20.Bd3 Bxd3 21.Qxd3 Qd6 22.Qb3 Ne4
23.Be1 Rxc1 24.Rxc1 Qe5 25.Rc6 Ra8 26.f4 Qf6 27.f5 Nd6 28.fxe6 Nc4 29.Bg3 Qg5
30.exf7+ Kxf7 31.Bf4 Qd5 32.Qd3 Kg8 33.Kh1 a5 34.e4 Qf7 35.Nxb5 Qxf4 36.Qxc4+ Kf8
37.Nc7 Qe5 38.Qf1+  1-0

[Event "Stare Mesto FIDE Open"]
[Site "Stare Mesto CZE"]
[Date "2011.08.20"]
[Round "10"]
[White "Cerveny,M"]
[Black "Cajka,T"]
[Result "1-0"]
[WhiteElo "2347"]
[BlackElo "2146"]

1.d4 d5 2.c4 c6 3.Nf3 Nf6 4.Nc3 e6 5.e3 Nbd7 6.Bd3 Bd6 7.e4 dxe4 8.Nxe4 Nxe4
9.Bxe4 c5 10.O-O O-O 11.Bg5 Qc7 12.Bc2 Re8 13.Qd3 g6 14.Rfe1 cxd4 15.Qxd4 Qc5
16.Qh4 Ne5 17.Nxe5 Bxe5 18.Rxe5 Qxe5 19.Bf6 Qc5 20.Ba4 b5 21.Bxb5 Bb7 22.Bxe8 Rxe8
23.Qh6 Qf8 24.Qe3 Qd6 25.Qh6 Qf8 26.Qg5 Qd6 27.Be5 Qc6 28.f3 Qc5+ 29.Kh1 Qe7
30.Qxe7 Rxe7 31.Rd1 f5 32.Rd8+ Kf7 33.Bd6  1-0

[Event "10th Lichtenberger Sommer"]
[Site "Berlin GER"]
[Date "2011.08.21"]
[Round "9.70"]
[White "Scholz,Ra"]
[Black "Lasschuit,R"]
[Result "1-0"]
[WhiteElo "1896"]
[BlackElo "1862"]

1.c4 e6 2.Nc3 d5 3.d4 c6 4.e3 Nf6 5.Nf3 Bd6 6.Bd3 O-O 7.O-O Nbd7 8.e4 dxc4
9.Bxc4 e5 10.Bg5 Qe7 11.d5 Nb6 12.Bb3 cxd5 13.Bxd5 Bb4 14.Rc1 Rd8 15.Bxf6 gxf6
16.Re1 Be6 17.Nh4 Kh8 18.Qh5 Nxd5 19.exd5 Bxd5 20.Nf5 Qe6 21.Re3 Rg8 22.Rh3 Rxg2+
23.Kf1 Qa6+ 24.Ne2 Rg1+ 25.Kxg1 Rg8+ 26.Nfg3 Be4 27.Rh4 Rg7 28.Rc8+  1-0

[Event "12th Kolobrzeg Open"]
[Site "Kolobrzeg POL"]
[Date "2011.08.21"]
[Round "6.4"]
[White "Kowal,M"]
[Black "Skawinski,A"]
[Result "0-1"]
[WhiteElo "1753"]
[BlackElo "2303"]

1.d4 d5 2.c4 c6 3.Nf3 Nf6 4.e3 e6 5.Nc3 Nbd7 6.Bd3 dxc4 7.Bxc4 b5 8.Bd3 Bb7
9.O-O a6 10.a3 c5 11.dxc5 Nxc5 12.Be2 Qc7 13.b4 Rd8 14.Qc2 Na4 15.Bb2 Rc8
16.Rac1 Nd5 17.Nd4 Naxc3 18.Bf3 Na4 19.Qe4 Qd7 20.Nf5 Nxb2  0-1

[Event "PK NBSB Open A"]
[Site "Roosendaal NED"]
[Date "2011.08.21"]
[Round "5"]
[White "Van der Meijden,M"]
[Black "Peeters,M"]
[Result "1/2-1/2"]
[WhiteElo "2146"]
[BlackElo "1995"]

1.d4 d5 2.c4 c6 3.Nf3 Nf6 4.e3 e6 5.Nc3 Bd6 6.Qc2 O-O 7.Ne5 dxc4 8.Nxc4 Be7
9.Be2 Nbd7 10.O-O b5 11.Ne5 Bb7 12.f4 b4 13.Na4 c5 14.Rd1 Rc8 15.dxc5 Qc7
16.Nxd7 Nxd7 17.Bd2 Nxc5 18.Rac1 Be4 19.Qc4 Bd5 20.Qxb4 Bxa2 21.Nxc5 Bxc5
22.Rxc5 Qxc5 23.Qxc5 Rxc5 24.Bb4 Rc2 25.Bxf8 Kxf8 26.Bf3 Rxb2 27.Rd8+ Ke7
28.Ra8  1/2-1/2

[Event "13th Sants Open"]
[Site "Barcelona ESP"]
[Date "2011.08.22"]
[Round "4"]
[White "Mirzoev,A"]
[Black "Adhiban,B"]
[Result "1/2-1/2"]
[WhiteElo "2415"]
[BlackElo "2542"]

1.d4 d5 2.c4 e6 3.Nc3 c6 4.e3 Nf6 5.Nf3 Nbd7 6.Bd3 dxc4 7.Bxc4 b5 8.Bd3 Bd6
9.Ne4 Nxe4 10.Bxe4 Bb7 11.O-O O-O 12.Bd2 b4 13.Rc1 Rc8 14.Qe2 Qb6 15.Rfd1 Rfd8
16.Be1 Nf6 17.Bd3 c5 18.dxc5 Rxc5 19.Rxc5 Bxc5 20.h3 h6 21.Bc4 a5 22.Rxd8+ Qxd8
23.b3 Be4 24.Nd2 Bg6 25.Qf3 Nd5 26.Nf1 Nc3 27.a3 Nb1 28.axb4 axb4 29.Nd2 Na3
30.Bf1 Nc2 31.Qd1 Qf6 32.Bc4 Nxe1 33.Qxe1 Qc3 34.Nf3 Bc2 35.Qc1 g5 36.Ne1 Be4
37.Qd1 Kg7 38.Nd3 Be7 39.Ne1 Bf6 40.Nd3 Be7  1/2-1/2

[Event "13th Sants Open"]
[Site "Barcelona ESP"]
[Date "2011.08.22"]
[Round "4"]
[White "Kanarek,M"]
[Black "Cuartas,Ja"]
[Result "1/2-1/2"]
[WhiteElo "2435"]
[BlackElo "2542"]

1.d4 d5 2.c4 c6 3.Nc3 Nf6 4.Nf3 e6 5.e3 Nbd7 6.Qc2 Bd6 7.b3 O-O 8.Be2 b6
9.O-O Bb7 10.Bb2 Rc8 11.e4 dxe4 12.Nxe4 Nxe4 13.Qxe4 c5 14.Qh4 Nf6 15.Rad1 Ne4
16.Qh3 Qe7 17.d5 f5 18.Rfe1 Rcd8 19.Bf1 Bf4 20.g3 Bb8 21.Nd2 exd5 22.f3 Be5
23.Bxe5 Qxe5 24.fxe4 Qd4+ 25.Kh1 dxe4 26.Bg2 Rd6 27.Qh5 g6 28.Qe2 Qb2 29.Qf2 Qc2
30.Kg1 Rfd8 31.Nxe4 Bxe4 32.Rxd6 Rxd6 33.Bxe4 Qxf2+ 34.Kxf2 fxe4 35.Rxe4  1/2-1/2

[Event "Malaysian Open"]
[Site "Kuala Lumpur MAS"]
[Date "2011.08.22"]
[Round "6.23"]
[White "Muminova,N"]
[Black "Ong,Way"]
[Result "1-0"]
[WhiteElo "2319"]
[BlackElo "2041"]

1.d4 d5 2.c4 c6 3.Nf3 Nf6 4.Nc3 e6 5.e3 Nbd7 6.Qc2 Bb4 7.Bd3 dxc4 8.Bxc4 Nb6
9.Be2 c5 10.a3 cxd4 11.axb4 dxc3 12.bxc3 O-O 13.O-O Qc7 14.c4 e5 15.Bb2 Re8
16.Rfd1 Bg4 17.c5 Nbd7 18.Rac1 Rac8 19.Qb3 a5 20.bxa5 Bxf3 21.gxf3 Qxa5 22.Qb5 Qc7
23.Ba3 Nb8 24.Rb1 Re7 25.Rd2 Nc6 26.Rdb2 Ra8 27.Rb3 h5 28.Qd3 e4 29.Qd6 Qc8
30.Bb2 Re6 31.Qg3 Na5 32.Rb5 Ne8 33.Kh1 Rg6 34.Qh4 exf3 35.Bxf3 Qd7 36.Bd4 Nc7
37.Rb6 Ne6 38.Rd6 Qa4 39.Bxh5 Rh6 40.Rg1 Kf8 41.Rxe6 Rxe6 42.Bxg7+ Ke8 43.Qxa4+  1-0

[Event "XVI Seahorse Open A"]
[Site "Rewal POL"]
[Date "2011.08.22"]
[Round "3"]
[White "Klim,K"]
[Black "Lewtak,Da"]
[Result "1-0"]
[WhiteElo "2328"]
[BlackElo "2093"]

1.d4 d5 2.c4 c6 3.Nf3 Nf6 4.Nc3 e6 5.e3 Nbd7 6.Bd3 dxc4 7.Bxc4 b5 8.Be2 a6
9.e4 b4 10.e5 bxc3 11.exf6 cxb2 12.fxg7 Bxg7 13.Bxb2 Qa5+ 14.Nd2 Rb8 15.Qc2 Rxb2
16.Qxb2 c5 17.Rc1 Bxd4 18.Qc2 Bb7 19.O-O Bd5 20.Nb3 Rg8 21.g3 Bxb3 22.axb3 Ne5
23.b4 Qa3 24.Qe4 f5 25.Bh5+ Ke7 26.Qh4+ Kd7 27.bxc5 Bxf2+ 28.Kxf2 Nd3+ 29.Kg1 Nxc1
30.Rd1+ Kc6 31.Qc4 Qe3+ 32.Kg2 Nb3 33.Qxa6+ Kc7 34.Qb6+ Kc8 35.Qc6+ Kb8 36.Bf3  1-0

[Event "Malaysian Open"]
[Site "Kuala Lumpur MAS"]
[Date "2011.08.23"]
[Round "8.40"]
[White "Limono,Handjojo"]
[Black "Cai Jiaying"]
[Result "0-1"]
[WhiteElo "1916"]
[BlackElo "2094"]

1.c4 c6 2.Nc3 d5 3.d4 Nf6 4.e3 e6 5.Nf3 Nbd7 6.Bd3 Bd6 7.O-O O-O 8.b3 Qe7
9.Bb2 dxc4 10.bxc4 e5 11.Ng5 Bc7 12.Qc2 h6 13.Nf3 Re8 14.Ne4 exd4 15.Nxf6+ Nxf6
16.exd4 Ba5 17.Ne5 Ng4 18.Nf3 Be6 19.Bc3 Bxc3 20.Qxc3 Rad8 21.h3 Nf6 22.Rfe1 Qc7
23.Re5 Bc8 24.Rae1 Rxe5 25.Rxe5 b6 26.Qe1 Be6 27.a4 Nd7 28.Re3 Nf6 29.Re5 Nd7
30.Re3 a6 31.Qe2 Qd6 32.Qb2 Rb8 33.Nd2 b5 34.axb5 axb5 35.Ne4 Qc7 36.cxb5 cxb5
37.Bxb5 Qb6 38.Nc3 Bc4 39.Re7 Nf6 40.Re5 Qxd4 41.Rf5 Rxb5 42.Rxb5 Bxb5 43.Qxb5 Qxc3
44.Qb8+ Kh7 45.Qb1+ g6 46.g3 Qd4 47.Qa2 Kg7 48.Qe2 Ne4 49.Kg2 Kf6 50.Qf3+ Ke7
51.Qa3+ Qc5 52.Qf3 Qd5 53.Kh2 Qf5 54.Qe3 Qxf2+  0-1

[Event "3rd Senica Open"]
[Site "Senica SVK"]
[Date "2011.08.23"]
[Round "4.22"]
[White "Gasa,Patrik"]
[Black "Hrubsa,M"]
[Result "1/2-1/2"]
[WhiteElo "1727"]
[BlackElo "1929"]

1.d4 d5 2.c4 e6 3.Nf3 Nf6 4.e3 c6 5.Nc3 Nbd7 6.Bd3 dxc4 7.Bxc4 b5 8.Bd3 b4
9.Ne4 Nxe4 10.Bxe4 Bb7 11.Qa4 Qb6 12.O-O Be7 13.a3 O-O 14.axb4 Bxb4 15.Bd2 a5
16.Rfc1 Rfc8 17.h3 Nf6 18.Bd3 c5 19.Bxb4 axb4 20.dxc5 Rxa4 21.cxb6 Rxa1 22.Rxa1 Rb8
23.Ra4 Nd5 24.Ne5 f6 25.Nd7 Rd8 26.Nc5 Bc6 27.Nxe6 Bxa4 28.Nxd8 Nxb6 29.Nb7  1/2-1/2

[Event "13th Sants Open"]
[Site "Barcelona ESP"]
[Date "2011.08.24"]
[Round "6"]
[White "Almeida Quintana,O"]
[Black "Neelotpal,D"]
[Result "0-1"]
[WhiteElo "2548"]
[BlackElo "2453"]

1.d4 d5 2.c4 c6 3.Nf3 Nf6 4.Nc3 e6 5.e3 Nbd7 6.Qc2 Bd6 7.Bd3 dxc4 8.Bxc4 O-O
9.O-O a6 10.Rd1 b5 11.Bf1 c5 12.dxc5 Bxc5 13.Ne4 Qb6 14.Nxf6+ Nxf6 15.b3 Bb7
16.Bb2 Be7 17.Bd4 Qa5 18.a4 b4 19.Ne5 Rac8 20.Nc4 Qg5 21.f4 Qh6 22.Qb2 Ne4
23.g3 Nc3 24.Rd2 Bc5 25.Bxc3 Bxe3+ 26.Nxe3 bxc3 27.Qc2 cxd2 28.Qxd2 Qf6 29.Re1 Rfd8
30.Qb4 Qc3 31.Qxc3 Rxc3 32.Nc4 Rb8 33.Na5 Bd5  0-1

[Event "II Sinus IM"]
[Site "Budapest HUN"]
[Date "2011.08.24"]
[Round "5"]
[White "Brustkern,J"]
[Black "Ondozi,M"]
[Result "1/2-1/2"]
[WhiteElo "2281"]
[BlackElo "2355"]

1.d4 d5 2.c4 c6 3.Nc3 Nf6 4.Nf3 e6 5.e3 Be7 6.Qc2 Nbd7 7.g4 h6 8.Bd2 dxc4
9.Bxc4 b5 10.Be2 Bb7 11.Rg1 a6 12.g5 Nd5 13.gxh6 gxh6 14.Ne4 Qc7 15.Nc5 Nxc5
16.dxc5 Bf6 17.O-O-O O-O-O 18.Kb1 Kb8 19.Qc1 e5 20.Qc2 Bc8 21.Bd3 Be6 22.Bf5 Qc8
23.Bxe6 Qxe6 24.Ba5 Nc7 25.Rd6 Rxd6 26.cxd6 Qxd6 27.Rd1 Qe6 28.Qc5 Na8 29.e4 Rc8
30.b3 Bg7 31.Rg1 Qf6 32.Rxg7 Qxg7 33.Nxe5 Qg1+ 34.Kb2 f6 35.Nxc6+ Kb7 36.Nd8+ Kb8
37.Qd6+ Ka7 38.Qd7+ Rc7 39.Bxc7 Qxf2+ 40.Kb1 Qe1+ 41.Kc2 Qe2+ 42.Kc3 Qe3+
43.Kb4 Qe1+ 44.Kc5 Qc3+ 45.Kd6 Qe5+ 46.Kc6 Qxe4+ 47.Kd6 Qe5+ 48.Kc6 Qc3+
49.Kd6 Qe5+ 50.Kc6 Qc3+ 51.Kd6 Qe5+  1/2-1/2

[Event "XVI Seahorse Open A"]
[Site "Rewal POL"]
[Date "2011.08.24"]
[Round "5"]
[White "Turlej,L"]
[Black "Paszewski,M"]
[Result "1-0"]
[WhiteElo "2158"]
[BlackElo "1905"]

1.d4 d5 2.c4 c6 3.e3 Nf6 4.Nf3 e6 5.Nc3 Nbd7 6.Bd3 dxc4 7.Bxc4 b5 8.Bd3 a6
9.O-O Bb7 10.Qe2 c5 11.Rd1 Qb6 12.a3 Be7 13.b3 O-O 14.Bb2 Rfd8 15.Ne5 Nxe5
16.dxe5 Qc6 17.f4 Nd5 18.Ne4 c4 19.bxc4 bxc4 20.Bxc4 Nxe3 21.Qxe3 Rxd1+ 22.Rxd1 Qxc4
23.Nd6 Qc6 24.Rd2 Rd8 25.Qd4 h6 26.h3 Rd7 27.Kh2 Bd8 28.Qd3 Qd5 29.Qe2 Qa5
30.Rd3 Bd5 31.Bd4 Qa4 32.Qg4 g6 33.Qg3 Qc2 34.Rc3 Qd2 35.Bf2 Kg7 36.Rc8 Qe2
37.f5 Qf1 38.f6+ Kh7 39.Nxf7 Rxf7 40.Rxd8 h5 41.Be3 Rc7 42.Qg5  1-0

[Event "3rd Senica Open"]
[Site "Senica SVK"]
[Date "2011.08.25"]
[Round "6.27"]
[White "Karas,Marek"]
[Black "Zielinski,Andrzej1"]
[Result "1/2-1/2"]
[WhiteElo "1741"]
[BlackElo "1881"]

1.d4 d5 2.c4 e6 3.Nc3 c6 4.Nf3 Nf6 5.e3 Be7 6.Be2 Nbd7 7.O-O O-O 8.b3 Qc7
9.Bb2 dxc4 10.bxc4 e5 11.d5 e4 12.Nd4 Nc5 13.dxc6 bxc6 14.Qc2 Bd6 15.h3 Rb8
16.Ba3 Re8 17.Rab1 Rb6 18.Nb3 Bh2+ 19.Kh1 Nxb3 20.Rxb3 g5 21.Bc5 Rxb3 22.axb3 g4
23.hxg4 Bxg4 24.Bxg4 Nxg4 25.g3 Qe5 26.Bd4 Qh5 27.Kg2 Bxg3 28.Rh1 Bh4 29.Qe2 Qg5
30.Kf1 Bxf2 31.Nd1 Bh4 32.Qg2 h5 33.Qh3 c5 34.Qxh4 Qf5+ 35.Ke1 cxd4 36.Qxh5 Qxh5
37.Rxh5 Nxe3 38.Nxe3 dxe3 39.Ke2 Kg7 40.Kxe3 Kg6 41.Rd5 Re7 42.c5 f5 43.c6 Rc7
44.Kf4 Rxc6 45.Rxf5 Re6 46.Rg5+ Kf6 47.Rg3 Ke7 48.Re3 Kd6 49.Rxe4 Rxe4+ 50.Kxe4 Kc5
51.Kd3 Kb4 52.Kc2  1/2-1/2

[Event "3rd Senica Open"]
[Site "Senica SVK"]
[Date "2011.08.25"]
[Round "6.28"]
[White "Gasa,Patrik"]
[Black "Otepka,V"]
[Result "1-0"]
[WhiteElo "1727"]
[BlackElo "1878"]

1.d4 Nf6 2.c4 e6 3.Nf3 d5 4.e3 c6 5.Nc3 Nbd7 6.Bd3 Be7 7.O-O O-O 8.e4 dxe4
9.Nxe4 c5 10.Re1 b6 11.Bg5 Bb7 12.Qc2 Nxe4 13.Bxe7 Qxe7 14.Bxe4 Bxe4 15.Qxe4 Nf6
16.Qc2 Rac8 17.d5 Rfd8 18.Rad1 Rd6 19.dxe6 Rxe6 20.Rxe6 Qxe6 21.Re1 Qd7 22.Rd1 Qe7
23.Re1 Qd7 24.Kf1 Rd8 25.b3 Kf8 26.Re2 Qd1+ 27.Ne1 Qa1 28.f3 Qd4 29.Qc1 h6
30.Qe3 Qxe3 31.Rxe3 Rd2 32.Re2 Rd1 33.Kf2 Ne8 34.Nc2 Nc7 35.Ne3 Rd3 36.Ke1 f6
37.Nf5 Rd7 38.Rd2 Rxd2 39.Kxd2 Ne8 40.h4 Kf7 41.Ke3 Ke6 42.Ke4 h5 43.g4 g6
44.Ng3 Ng7 45.Kf4 Kd6 46.gxh5 Ne6+ 47.Ke3 gxh5 48.Nxh5 Ke5 49.Ng3 f5 50.Ne2 f4+
51.Kd3 Ng7 52.Nc3 Nh5 53.Nb5 a6 54.Nc7 a5 55.Na8 b5 56.cxb5  1-0

[Event "13th Sants Open"]
[Site "Barcelona ESP"]
[Date "2011.08.26"]
[Round "8"]
[White "Neelotpal,D"]
[Black "Smeets,J"]
[Result "0-1"]
[WhiteElo "2453"]
[BlackElo "2628"]

1.d4 d5 2.c4 e6 3.Nc3 c6 4.e3 Nf6 5.Nf3 Nbd7 6.Bd3 dxc4 7.Bxc4 b5 8.Bd3 Bb7
9.a3 Bd6 10.O-O O-O 11.Qc2 a6 12.b4 a5 13.Rb1 axb4 14.axb4 Qe7 15.e4 e5 16.Ne2 Bxb4
17.Ng3 exd4 18.e5 Nxe5 19.Nxe5 c5 20.f4 c4 21.Bxc4 bxc4 22.Qxc4 Nd5 23.Nf5 Qf6
24.Rxb4 Nxb4 25.Qxb4 Qxf5 26.Qxb7 Qc2 27.Qf3 Ra1 28.Nd3 Re8 29.f5 f6 30.Qg3 Qe2
31.Nf4 Qxf1+ 32.Kxf1 Rxc1+ 33.Kf2 Rc2+ 34.Kg1 Re3 35.Qh4 d3 36.Nxd3 Rxd3
37.Qe1 Kf7 38.Qb1 Rdd2 39.Kh1 Rxg2 40.Qb7+ Ke8 41.Qb8+ Kd7 42.Qb7+ Kd6 43.Qb6+ Kd5
44.Qb7+ Ke5 45.Qb8+ Ke4 46.Qb7+ Kf4 47.Qb8+ Kxf5 48.Qb5+ Kg6 49.Qe8+ Kh6
50.Qe3+ g5 51.Qh3+ Kg6 52.Qd3+ f5 53.h4 Rgd2  0-1

[Event "II Sinus IM"]
[Site "Budapest HUN"]
[Date "2011.08.26"]
[Round "7"]
[White "Roos,J"]
[Black "Ondozi,M"]
[Result "1/2-1/2"]
[WhiteElo "2207"]
[BlackElo "2355"]

1.d4 d5 2.c4 c6 3.Nc3 e6 4.e3 Nf6 5.Nf3 Nbd7 6.Bd3 Bd6 7.O-O dxc4 8.Bxc4 O-O
9.Qc2 e5 10.h3 exd4 11.exd4 Nb6 12.Bd3 h6 13.Re1 Nbd5 14.a3 Be6 15.Ne5 Re8
16.Bd2 Nxc3 17.bxc3 Rc8 18.Qb2 Qc7  1/2-1/2

[Event "3rd Senica Open"]
[Site "Senica SVK"]
[Date "2011.08.26"]
[Round "7.10"]
[White "Vogel,Ja"]
[Black "Pribila,G"]
[Result "1/2-1/2"]
[WhiteElo "2221"]
[BlackElo "2036"]

1.Nf3 d5 2.d4 c6 3.c4 Nf6 4.e3 e6 5.Nc3 Nbd7 6.Bd3 dxc4 7.Bxc4 b5 8.Bd3 Bb7
9.O-O a6 10.e4 c5 11.e5 cxd4 12.Nxb5 Ng4 13.Nbxd4 Ngxe5 14.Nxe5 Nxe5 15.Qa4+ Qd7
16.Qxd7+ Nxd7  1/2-1/2

[Event "23rd Schlosspark-Open"]
[Site "Wiesbaden GER"]
[Date "2011.08.26"]
[Round "2.52"]
[White "Zimmer,Gerald"]
[Black "Dyga,R"]
[Result "1-0"]
[WhiteElo "1944"]
[BlackElo "1580"]

1.d4 d5 2.c4 c6 3.Nc3 e6 4.Nf3 Nf6 5.e3 Bb4 6.Bd2 O-O 7.Bd3 dxc4 8.Bxc4 b5
9.Be2 Bb7 10.O-O Nbd7 11.a3 Ba5 12.Rc1 Re8 13.Qb3 a6 14.Qc2 Rc8 15.b4 Bc7
16.Rfd1 e5 17.Qf5 e4 18.Ne1 Nb6 19.Nc2 Nbd5 20.Na1 a5 21.Nxd5 cxd5 22.Bxb5 Re6
23.Nb3 axb4 24.Bxb4 Bd6 25.Bxd6 Rxc1 26.Rxc1 Rxd6 27.a4 h6 28.g3 Nh7 29.Qe5 Ng5
30.Qe8+ Kh7 31.Qxd8 Rxd8 32.h4 Nf3+ 33.Kg2 g5 34.hxg5 Nxg5 35.Rc7 Rb8 36.Nc5 Bc8
37.Bd7 Bxd7 38.Rxd7 Rb2 39.a5 Kg6 40.Rb7 Ra2 41.a6 Nf3 42.a7 Ne1+ 43.Kh3 Nd3
44.Rb6+ f6 45.Ra6 Nxf2+ 46.Kh4  1-0

[Event "20th Kaerntner Chess Summer"]
[Site "Feffernitz AUT"]
[Date "2011.08.27"]
[Round "8"]
[White "Mirata,Danilo"]
[Black "Pacher,S"]
[Result "1-0"]
[WhiteElo "1830"]
[BlackElo "1942"]

1.d4 d5 2.c4 c6 3.Nc3 Nf6 4.e3 e6 5.Nf3 Nbd7 6.Qc2 Be7 7.b3 Bd6 8.Bd3 O-O
9.Bb2 h6 10.O-O b6 11.e4 dxe4 12.Nxe4 Nxe4 13.Bxe4 Bb7 14.Ne5 Qc7 15.f4 c5
16.Nxd7 Bxe4 17.Qxe4 Qxd7 18.d5 Qb7 19.Rad1 Rad8 20.Qf3 Bb8 21.Qg3 f6 22.dxe6 Qe7
23.Qe3 Rfe8 24.f5 Rxd1 25.Rxd1 Rd8 26.Rd3 Qc7 27.g3 Kf8 28.Qd2 Rxd3 29.Qxd3 Ke7
30.Qe4 Qd6 31.Qd5 Bc7 32.Qxd6+ Bxd6 33.Kg2 h5 34.h3 g6 35.g4 h4 36.fxg6 Kxe6
37.g7 Kf7 38.Bxf6 Bf4 39.g5  1-0

[Event "18th Graz Open"]
[Site "Graz AUT"]
[Date "2011.08.27"]
[Round "1"]
[White "Tratar,M"]
[Black "Stagl,M"]
[Result "1-0"]
[WhiteElo "2491"]
[BlackElo "2124"]

1.d4 d5 2.c4 c6 3.e3 Nf6 4.Nc3 e6 5.Nf3 a6 6.a3 dxc4 7.Bxc4 b5 8.Ba2 c5 9.O-O Bb7
10.Qe2 Nbd7 11.Rd1 Qb8 12.d5 Nxd5 13.Nxd5 exd5 14.Bxd5 Bxd5 15.Rxd5 Qb7 16.e4 Be7
17.Bg5 f6 18.Bf4 O-O 19.Rad1 Nb6 20.R5d2 Rfe8 21.Re1 Bf8 22.Qd3 Nc4 23.Rde2 Rad8
24.Qc2 Bd6 25.Bxd6 Rxd6 26.b3 Ne5 27.Nxe5 Rxe5 28.f4 Re8 29.Qxc5 Rd3 30.b4 Rxa3
31.e5 fxe5 32.fxe5 Qe7 33.Qd5+ Qe6 34.Qd4 Ra2 35.Rxa2 Qxa2 36.e6 Rxe6 37.Qd8+ Kf7
38.Qd7+ Kf6 39.Rf1+ Kg6 40.Qd3+ Kh6 41.Qh3+ Kg6 42.Qf5+ Kh6 43.g4 g6 44.Qf4+  1-0

[Event "47th Rubinstein Mem GpA"]
[Site "Polanica Zdroj POL"]
[Date "2011.08.27"]
[Round "8"]
[White "Shishkin,Va UKR"]
[Black "Sieciechowicz,M"]
[Result "1/2-1/2"]
[WhiteElo "2457"]
[BlackElo "2454"]

1.d4 d5 2.c4 c6 3.Nc3 Nf6 4.Nf3 e6 5.e3 Nbd7 6.Qc2 Bd6 7.Bd3 O-O 8.O-O h6
9.Rd1 b6 10.e4 dxe4 11.Nxe4 Nxe4 12.Bxe4 Bb7 13.c5 Be7 14.Be3 Nf6 15.Bd3 Nd5
16.Qe2 Nxe3 17.Qxe3 Bf6 18.Rac1 Qc7 19.Ne5 bxc5 20.Rxc5 Rfd8 21.f4 Qb6 22.b3 Rd5
23.Rxd5 cxd5 24.Rc1 Rc8 25.Rxc8+ Bxc8 26.g4 Ba6 27.Bxa6 Qxa6 28.Qd2 Qc8 29.Kg2 Qc7
30.Kf3 g5 31.fxg5 Bxg5 32.Qd3 Kg7 33.Kg2 Bf4 34.Nf3 Qc1 35.Qe2 Qc3 36.Kf2 Bg5
37.Qe1 Qb2+ 38.Qe2 Qa1 39.Kg2 Bf6 40.Qd2 Qb1 41.Qe2 Qc1 42.h3 Qc3 43.Qf2 Qd3
44.Qf1 Qe4 45.Qf2 Bg5 46.Qe1 Be3 47.Qe2 f6 48.a4 a5 49.Kg3 e5 50.dxe5 Bf4+
51.Kf2 Qxe2+ 52.Kxe2 fxe5 53.Ne1 Kf6 54.Nc2 e4 55.b4 Bc7 56.bxa5 Bxa5 57.h4 Bc3
58.Ne3 Ke5 59.g5 hxg5 60.hxg5 d4 61.Ng4+ Kf5 62.Nf2 e3 63.g6 Kxg6  1/2-1/2

[Event "10th Sunny Beach Open"]
[Site "Sunny Beach BUL"]
[Date "2011.08.27"]
[Round "1.65"]
[White "Bombek,P"]
[Black "Stoyanov,Tsvetan"]
[Result "1-0"]
[WhiteElo "2186"]
[BlackElo "1571"]

1.d4 d5 2.Nf3 Nf6 3.e3 e6 4.c4 c6 5.Nc3 Bb4 6.Bd2 O-O 7.Bd3 Nbd7 8.O-O Nb6
9.c5 Nbd7 10.a3 Ba5 11.h3 Re8 12.Ne5 Nxe5 13.dxe5 Nd7 14.b4 Bc7 15.f4 f6
16.Qh5 f5 17.g4 g6 18.Qh6 Nf8 19.Ne2 Qe7 20.Nd4 Qg7 21.Qxg7+ Kxg7 22.b5 Bd7
23.Rab1 Bd8 24.bxc6 Bxc6 25.Ba6 bxa6 26.Nxc6 Rc8 27.Rb7+ Kg8 28.Nxd8 Rexd8
29.Rc1 Rd7 30.c6 Rxc6 31.Rxc6 Rxb7 32.Bb4 Kf7 33.Bxf8 Kxf8 34.Rxe6 Rb3 35.Kf2 Rxa3
36.gxf5 gxf5 37.Rd6 Ra5 38.Rd7 h5 39.Rh7 Ra2+ 40.Kf3 Ra3 41.Ke2 a5 42.Rxh5 a4
43.Rxf5+ Ke7 44.Rf6 Ra2+ 45.Kd3 Rh2 46.Ra6 Rxh3 47.Rxa4 Ke6 48.Rxa7 Kf5 49.Rf7+ Ke6
50.Rf6+ Ke7 51.Rd6 d4 52.Kxd4 Rh1 53.Ra6 Rd1+ 54.Ke4 Rd7 55.Kf5 Rb7 56.Rh6 Rb3
57.Rh7+ Ke8 58.Kf6 Rxe3 59.e6 Kd8 60.f5 Re1  1-0

[Event "TCh-SUI 2011"]
[Site "Switzerland SUI"]
[Date "2011.08.27"]
[Round "6.3"]
[White "Cvitan,O"]
[Black "Hort,V"]
[Result "1/2-1/2"]
[WhiteElo "2498"]
[BlackElo "2469"]

1.d4 d5 2.c4 c6 3.Nf3 Nf6 4.Nc3 e6 5.e3 Nbd7 6.Qc2 Be7 7.Bd3 O-O 8.O-O b6
9.b3 Bb7 10.Bb2 c5 11.cxd5 exd5 12.Rfd1 g6 13.Bf1 Rc8 14.Rac1 Re8 15.g3 a6
16.dxc5 bxc5 17.Bg2 Qb6 18.Qb1 Bc6 19.Ne2 Qb7 20.Ne5 Nxe5 21.Bxe5 Nd7 22.Ba1 Bd6
23.Qd3 Nb6 24.Nf4 d4 25.Bxc6 Rxc6 26.Ng2 Be5 27.exd4 cxd4 28.Rxc6 Qxc6 29.Ne1 Nd5
30.Nf3 Nc3 31.Re1 Bf6 32.Rxe8+ Qxe8 33.Kg2 Qc6 34.a4 Qb7 35.h4 Qxb3 36.Qxa6 Kg7
37.h5 gxh5 38.Qd6 Qxa4 39.Bb2 Qc2 40.Ba3 Ne4 41.Qf8+ Kg6 42.Qg8+ Kf5 43.Qxh7+ Ke6
44.Nd2 Qxd2 45.Qxe4+ Be5 46.Qc6+  1/2-1/2

[Event "1st Alghero Open"]
[Site "Alghero ITA"]
[Date "2011.08.28"]
[Round "3.8"]
[White "Sprenger,J"]
[Black "Vreugdenhil,F"]
[Result "1-0"]
[WhiteElo "2515"]
[BlackElo "2070"]

1.d4 d5 2.Nf3 Nf6 3.c4 e6 4.Nc3 c6 5.e3 Nbd7 6.Qc2 Bd6 7.b3 O-O 8.Be2 e5
9.cxd5 Nxd5 10.Bb2 exd4 11.Nxd5 cxd5 12.Bxd4 Qa5+ 13.Bc3 Bb4 14.Bxb4 Qxb4+
15.Qd2 a5 16.Nd4 Nc5 17.Qxb4 axb4 18.Nc2 Nxb3 19.axb3  1-0

[Event "13th Sants Open"]
[Site "Barcelona ESP"]
[Date "2011.08.28"]
[Round "10"]
[White "Sadler,M"]
[Black "Smeets,J"]
[Result "1-0"]
[WhiteElo "2625"]
[BlackElo "2628"]

1.d4 d5 2.c4 c6 3.Nc3 Nf6 4.e3 e6 5.Nf3 Nbd7 6.Bd3 dxc4 7.Bxc4 b5 8.Bd3 Bb7
9.O-O a6 10.e4 c5 11.d5 Qc7 12.dxe6 fxe6 13.Bc2 c4 14.Ne2 Nxe4 15.Ned4 e5
16.Ne6 Qb6 17.Bxe4 Bxe4 18.Nfg5 Bg6 19.a4 b4 20.Qg4 Qc6 21.f4 Bd3 22.Be3 Nf6
23.Nc7+ Ke7 24.Qh3 e4 25.Nxa8 h6 26.Nc7 Bxf1 27.Rxf1 hxg5 28.Qxh8 g4 29.Nxa6 Kf7
30.Nxb4 Bxb4 31.Qd8 Nd5 32.Rd1 Bd6 33.a5 Qa4 34.Rxd5  1-0

[Event "18th Graz Open"]
[Site "Graz AUT"]
[Date "2011.08.28"]
[Round "2"]
[White "Schreiner,Pe"]
[Black "Spalir,J"]
[Result "1-0"]
[WhiteElo "2326"]
[BlackElo "2155"]

1.c4 c6 2.d4 d5 3.Nf3 Nf6 4.Nc3 e6 5.e3 Nbd7 6.Qc2 Bb4 7.Bd3 dxc4 8.Bxc4 O-O
9.O-O Qe7 10.a3 Bd6 11.h3 e5 12.Ba2 Nb6 13.dxe5 Bxe5 14.Nxe5 Qxe5 15.f4 Qf5
16.e4 Qc5+ 17.Rf2 Be6 18.Bb1 Nfd7 19.b4 Qh5 20.Ne2 a5 21.Bb2 f6 22.Nd4 Bc4
23.Nf5 a4 24.Nd6 Bb3 25.Qc1 Rab8 26.Bd3 Nc8 27.Be2 Qg6 28.Nf5 Qf7 29.Rf3 Kh8
30.Rg3 Rg8 31.Nd4 Re8 32.Nxb3 axb3 33.Bc4 Qf8 34.e5 fxe5 35.Bxb3 Nd6 36.fxe5 Nxe5
37.Qc5 Qf4 38.Qe3 Qxe3+ 39.Rxe3 Nec4 40.Rxe8+ Rxe8 41.Bd4 h6 42.a4 Re2 43.Rf1 Kh7
44.Bxc4 Nxc4 45.Rf7 Ne5 46.Rxb7 Re4 47.Bxe5 Rxe5 48.a5 c5 49.b5 c4 50.a6 c3
51.a7 c2 52.Rc7 Re7 53.Rxc2 Rxa7 54.Rb2 Kg6 55.b6 Rb7 56.Kf2 Kf5 57.Ke3 Ke5
58.Rb5+ Kd6 59.Kd4 Kc6 60.Kc4 g6 61.Rc5+  1-0